| 000 | 00466nam a2200145 i 4500 | ||
|---|---|---|---|
| 001 | 58309 | ||
| 003 | ES-MaACL | ||
| 007 | t| | ||
| 008 | 031021s1955 sp ||||1| spa d | ||
| 100 | 1 |
_aDurán Pulis, Guillermo. _946233 |
|
| 245 | 1 | 3 |
_aLa caza en Marruecos / _cGuillermo Durán Pulis ; prólogo del Alto Comisario. |
| 260 |
_aLas Palmas de Gran Canaria : _b[s.n., _c1955] ( _fMinerva) |
||
| 300 |
_a269 p., 34 lám. ; _c24 cm. |
||
| 852 |
_aES-MaACL _jC-9941 _bR.38052 |
||
| 999 |
_c58309 _d58309 |
||